Central Library OPAC University of Rajshahi

Fields of psychology / (Record no. 28550)

MARC details
000 -LEADER
fixed length control field 00594nam a22002177a 4500
001 - CONTROL NUMBER
control field 28550
003 - CONTROL NUMBER IDENTIFIER
rucl marc code BD-RjUL
005 - DATE AND TIME OF LATEST TRANSACTION
control field 20211209051310.0
008 - FIXED-LENGTH DATA ELEMENTS--GENERAL INFORMATION
fixed length control field 140331s1944 nyu|a||| |||| 001 0 eng d
035 ## - SYSTEM CONTROL NUMBER
System control number (BD-RjUL)28631
040 ## - CATALOGING SOURCE
Original cataloging agency BD-RjUL
Language of cataloging eng
Transcribing agency BD-RjUL
Modifying agency BD-RjUL
041 ## - LANGUAGE CODE
Language code of text/sound track or separate title eng
082 04 - DEWEY DECIMAL CLASSIFICATION NUMBER
Edition number 18
Classification number 150
Author mark and year FIE 1944
245 #0 - TITLE STATEMENT
Title Fields of psychology /
Statement of responsibility, etc. edited by J. P. Guilford.
260 ## - PUBLICATION, DISTRIBUTION, ETC. (IMPRINT)
Place of publication, distribution, etc. New York :
Name of publisher, distributor, etc. Van Nostrand,
Date of publication, distribution, etc. 1944.
300 ## - PHYSICAL DESCRIPTION
Pagination x, 694p. :
Illustrations ill. ;
Size 21cm.
504 ## - BIBLIOGRAPHY, ETC. NOTE
Bibliography, etc Include index
650 #0 - SUBJECT ADDED ENTRY--TOPICAL TERM
Topical term or geographic name as entry element Psychology.
9 (RLIN) 87466
700 1# - ADDED ENTRY--PERSONAL NAME
Personal name Guilford, J. P.
942 ## - ADDED ENTRY ELEMENTS (KOHA)
Source of classification or shelving scheme Dewey Decimal Classification
Koha item type Books
Holdings
Lost status Source of classification or shelving scheme Damaged status Not for loan Collection code Permanent Location Current Location Shelving location Date acquired Source of acquisition Total Checkouts Full call number Date last seen Copy number Koha item type
  Dewey Decimal Classification   Added to bundle Non-fiction Central Library, University of Rajshahi Central Library, University of Rajshahi Reading Room 03/12/1955 Asia Foundation   150 FIE 1944 31/03/2014 C-1 Books